Statistiken für Hauptstädte, die mit P beginnen

Klicken Sie hier um das Quiz zu spielen!

Allgemein

  • Dieses Quiz wurde 1.402 mal gespielt
  • Das Durchschnittsergebnis liegt bei 12 aus 18

Antwortstatistiken

Hauptstädte% Korrekt
Prag
84%
Panama-Stadt
83%
Paris
82%
Peking
73%
Pristina
73%
Port-au-Prince
71%
Podgorica
70%
Port of Spain
68%
Port Moresby
67%
Pjöngjang
63%
Port Louis
63%
Porto Novo
62%
Paramaribo
61%
Praia
61%
Pretoria
59%
Port Vila
58%
Palikir
54%
Phnom Penh
53%

Verteilung der Resultate

Perzentil nach korrekt beantworteten Fragen

Anzahl Personen mit jedem Resultat

Ihre Resultats-Entwicklung

Sie haben dieses Quiz noch nicht gespielt